National Population Council of Ghana Eight Year Strategic Plan (Periodical) (Record no. 5881)

MARC details
000 -LEADER
fixed length control field 00542nam a22001697a 4500
003 - CONTROL NUMBER IDENTIFIER
control field OSt
005 - DATE AND TIME OF LATEST TRANSACTION
control field 20260112160727.0
008 - FIXED-LENGTH DATA ELEMENTS--GENERAL INFORMATION
fixed length control field 260112b |||||||| |||| 00| 0 eng d
041 ## - LANGUAGE CODE
Language code of text/sound track or separate title English
082 ## - DEWEY DECIMAL CLASSIFICATION NUMBER
Classification number PER/NPC/17 Acc No. 098
110 ## - MAIN ENTRY--CORPORATE NAME
Corporate name or jurisdiction name as entry element National Population Council
245 ## - TITLE STATEMENT
Title National Population Council of Ghana Eight Year Strategic Plan (Periodical)
260 ## - PUBLICATION, DISTRIBUTION, ETC.
Place of publication, distribution, etc. Accra:
Name of publisher, distributor, etc. National Population Council,
Date of publication, distribution, etc. 2017.
300 ## - PHYSICAL DESCRIPTION
Extent 44p.: tabs, diag,
653 ## - INDEX TERM--UNCONTROLLED
Uncontrolled term National Population Council
942 ## - ADDED ENTRY ELEMENTS (KOHA)
Source of classification or shelving scheme Dewey Decimal Classification
Koha item type Periodicals
Suppress in OPAC No
Holdings
Withdrawn status Lost status Source of classification or shelving scheme Damaged status Not for loan Home library Current library Shelving location Date acquired Total checkouts Full call number Date last seen Copy number Price effective from Koha item type
    Dewey Decimal Classification     Main Library Main Library Open Shelves 12/01/2026   Acc No. 098 12/01/2026 C1 12/01/2026 Periodicals
    Dewey Decimal Classification     Main Library Main Library Open Shelves 12/01/2026   Acc No. 099 12/01/2026 C2 12/01/2026 Periodicals
©2026  Parliament of Ghana Library - All rights reserved